00355cam a2200133 a 4500020002200000082001200022245004400034250002500078260004100103300002900144650001400173650001200187700002200199 a0849307406 (pbk.)00a530 CRC00aCRC handbook of chemistry and physics / a62 nd .ed. 1981-1982 aBoca Raton, FL :bCRC Press,cc1988. a1 v. (various pagings) ; 0aChemistry 0aPhysics1 aWeast, Robert C.,